| 000 | 01140nam a22002537i 4500 | ||
|---|---|---|---|
| 999 |
_c23056 _d23056 |
||
| 003 | AR-CdUCM | ||
| 008 | 240916b20172017 pea|||| |||| 00| 0 spa d | ||
| 020 | _a978-987-45867-5-9 | ||
| 040 |
_aMUNICIPALIDAD PROVINCIAL DEL CUSCO _cBIBLIOTECA MUNICIPAL DEL CUSCO |
||
| 041 | _hspa | ||
| 082 |
_a641.5 / D11 _bD11 |
||
| 100 |
_aDziadosz, Barbara _950489 |
||
| 245 |
_aColor Cocina : _bRecetas simples para todos los días / |
||
| 260 |
_aArgentina : _bPeriplo Ediciones _c2017 |
||
| 300 |
_a97 páginas. : _b27 cm. |
||
| 505 | _aMapamundi de recetas -- Bebidas -- Guía e copas para tragos -- Daiquiri de frutilla -- Moscow mule --Sloe gin fizz -- Jarabe de azúcar -- Cosmopolitan -- Mojito -- Hemingway special -- Margarita -- Gin basil smash -- Ipanema -- Smoothie verde -- Smoothie de yogur -- Especias y condimentos -- Hierbas aromáticas -- Pepinos en conserva -- Sopa agripante -- Feijoada vegetariana | ||
| 650 |
_aRecetario _950401 |
||
| 650 |
_aComidas exóticas _950490 |
||
| 650 |
_aBebidas _938240 |
||
| 650 |
_aPostres _950379 |
||
| 650 |
_aPlatos de mesa _950491 |
||
| 942 |
_2ddc _cLIBROS |
||
| 945 |
_apbj _d2024/09/2024 |
||